| 000 | 00459nam a2200133Ia 4500 | ||
|---|---|---|---|
| 008 | 220216s9999 xx 000 0 und d | ||
| 100 | _aAnita Das Ravindranath | ||
| 245 | 0 | _aCoir: A natural medium to counter threats of climate change | |
| 260 | _bPLACROSYM XIX, 7-10 December 2010, Kottayam. Climate Change. 19th Biennial Symposium on Plantation Crops. Abstracts.pp.27 | ||
| 650 | _aClimate change | ||
| 650 | _aCoir | ||
| 700 | _aSharma U S | ||
| 942 | _cJS | ||
| 999 |
_c55825 _d55825 |
||